[Event "MP do 18 lat - chlopcy"]
[Site "Sypniewo"]
[Date "2022.03.20"]
[Round "2.21"]
[White "Ciborowski, Konrad Jr"]
[Black "Kaliszuk, Kamil"]
[Result "0-1"]
[BlackElo "1963"]
[WhiteElo "1869"]
[LiveChessVersion "1.4.8"]

1. Nf3 {[%clk 1:30:59]} d5 {[%clk 1:28:16]} 2. e3 {[%clk 1:31:25]} Nf6
{[%clk 1:26:25]} 3. c4 {[%clk 1:31:49]} c6 {[%clk 1:24:35]} 4. b3
{[%clk 1:31:46]} e6 {[%clk 1:19:03]} 5. Bb2 {[%clk 1:31:12]} Nbd7
{[%clk 1:18:19]} 6. d4 {[%clk 1:31:17]} b6 {[%clk 1:14:40]} 7. Bd3
{[%clk 1:31:29]} Bb7 {[%clk 1:14:06]} 8. O-O {[%clk 1:30:27]} Bd6
{[%clk 1:12:42]} 9. Nbd2 {[%clk 1:30:08]} O-O {[%clk 1:11:32]} 10. Qe2
{[%clk 1:26:04]} Qe7 {[%clk 0:50:02]} 11. Ne5 {[%clk 1:25:49]} c5
{[%clk 0:45:13]} 12. Rfe1 {[%clk 1:24:02]} Ne4 {[%clk 0:37:20]} 13. Rad1
{[%clk 1:19:59]} Nxd2 {[%clk 0:26:39]} 14. Nxd7 {[%clk 1:17:57]} Qxd7
{[%clk 0:26:26]} 15. Qxd2 {[%clk 1:18:22]} Qc7 {[%clk 0:18:55]} 16. h3
{[%clk 1:18:19]} cxd4 {[%clk 0:18:06]} 17. cxd5 {[%clk 1:16:48]} Bxd5
{[%clk 0:16:06]} 18. Bxd4 {[%clk 1:11:57]} Bh2+ {[%clk 0:13:04]} 19. Kh1
{[%clk 1:11:50]} Be5 {[%clk 0:13:21]} 20. Bxe5 {[%clk 1:01:55]} Qxe5
{[%clk 0:13:32]} 21. f4 {[%clk 1:02:16]} Qc7 {[%clk 0:12:10]} 22. e4
{[%clk 0:58:15]} Bb7 {[%clk 0:12:03]} 23. e5 {[%clk 0:57:20]} Rfd8
{[%clk 0:10:59]} 24. Qe3 {[%clk 0:57:18]} Bd5 {[%clk 0:07:41]} 25. f5
{[%clk 0:53:02]} exf5 {[%clk 0:06:55]} 26. Bxf5 {[%clk 0:53:27]} Qc6
{[%clk 0:05:13]} 27. Rd2 {[%clk 0:50:17]} Rab8 {[%clk 0:03:52]} 28. Kh2
{[%clk 0:46:55]} Be6 {[%clk 0:03:40]} 29. Bb1 {[%clk 0:43:14]} g6
{[%clk 0:01:52]} 30. Red1 {[%clk 0:43:14]} Rxd2 {[%clk 0:02:11]} 31. Rxd2
{[%clk 0:43:43]} a5 {[%clk 0:01:50]} 32. h4 {[%clk 0:41:58]} Qc5 {[%clk 0:01:31]}
33. Qg5 {[%clk 0:42:15]} Re8 {[%clk 0:01:03]} 34. h5 {[%clk 0:39:04]} Bf5
{[%clk 0:01:26]} 35. Bxf5 {[%clk 0:37:04]} Qxe5+ {[%clk 0:01:50]} 36. Kh1
{[%clk 0:37:12]} Qe1+ {[%clk 0:02:08]} 37. Kh2 {[%clk 0:37:37]} Qe5+
{[%clk 0:02:30]} 38. Kh1 {[%clk 0:38:04]} h6 {[%clk 0:01:15]} 39. Qh4
{[%clk 0:34:47]} Qxf5 {[%clk 0:01:27]} 40. hxg6 {[%clk 1:04:55]} Qxg6
{[%clk 0:31:11]} 41. Rd8 {[%clk 1:03:44]} Rxd8 {[%clk 0:29:07]} 42. Qxd8+
{[%clk 1:04:11]} Kh7 {[%clk 0:29:07]} 43. Qd5 {[%clk 1:02:46]} Qf6
{[%clk 0:27:17]} 44. Qe4+ {[%clk 1:02:25]} Kg7 {[%clk 0:27:11]} 45. Qg4+
{[%clk 1:02:39]} Kh8 {[%clk 0:27:38]} 46. Qd7 {[%clk 1:01:07]} Qe6
{[%clk 0:25:58]} 47. Qd3 {[%clk 1:01:15]} h5 {[%clk 0:24:28]} 48. a3
{[%clk 1:00:27]} Qe1+ {[%clk 0:24:25]} 49. Kh2 {[%clk 1:00:46]} Qh4+
{[%clk 0:24:46]} 50. Kg1 {[%clk 1:01:12]} Qe1+ {[%clk 0:25:13]} 51. Kh2
{[%clk 1:01:39]} Qe5+ {[%clk 0:25:36]} 52. Kh1 {[%clk 1:01:56]} Kg7
{[%clk 0:25:14]} 53. Qd8 {[%clk 1:01:20]} Qe1+ {[%clk 0:24:41]} 54. Kh2
{[%clk 1:01:46]} Qe5+ {[%clk 0:24:54]} 55. Kh1 {[%clk 1:02:12]} Qe1+
{[%clk 0:25:09]} 56. Kh2 {[%clk 1:02:40]} Qe3 {[%clk 0:25:34]} 57. Qd5
{[%clk 1:01:16]} Kg6 {[%clk 0:24:06]} 58. a4 {[%clk 1:00:16]} Qf4+
{[%clk 0:23:28]} 59. Kh1 {[%clk 1:00:34]} Qc1+ {[%clk 0:22:23]} 60. Kh2
{[%clk 1:00:59]} Qf4+ {[%clk 0:20:46]} 61. Kh1 {[%clk 1:01:26]} Qe3
{[%clk 0:18:08]} 62. Kh2 {[%clk 0:58:00]} h4 {[%clk 0:15:48]} 63. Qd1
{[%clk 0:54:11]} Qg3+ {[%clk 0:14:57]} 64. Kg1 {[%clk 0:54:29]} h3
{[%clk 0:13:46]} 65. Qc2+ {[%clk 0:53:25]} Kg7 {[%clk 0:13:56]} 66. Qc3+
{[%clk 0:53:52]} Qxc3 {[%clk 0:14:21]} 0-1

[Event "MP do 18 lat - chlopcy"]
[Site "Sypniewo"]
[Date "2022.03.20"]
[Round "2.22"]
[White "Jedrusik, Adam"]
[Black "Jozefik, Aleksander"]
[Result "1/2-1/2"]
[BlackElo "1729"]
[WhiteElo "1937"]
[LiveChessVersion "1.4.8"]

1. d4 {[%clk 1:30:59]} Nf6 {[%clk 1:30:48]} 2. c4 {[%clk 1:31:01]} e6
{[%clk 1:31:06]} 3. g3 {[%clk 1:31:28]} Bb4+ {[%clk 1:31:18]} 4. Bd2
{[%clk 1:31:51]} Be7 {[%clk 1:30:55]} 5. Bg2 {[%clk 1:31:44]} d5 {[%clk 1:28:58]}
6. Nf3 {[%clk 1:31:47]} c6 {[%clk 1:28:05]} 7. O-O {[%clk 1:32:10]} O-O
{[%clk 1:27:51]} 8. Qc2 {[%clk 1:32:35]} Nbd7 {[%clk 1:26:25]} 9. Rd1
{[%clk 1:32:56]} b6 {[%clk 1:24:18]} 10. Bf4 {[%clk 1:32:16]} Bb7
{[%clk 1:23:44]} 11. Ne5 {[%clk 1:27:41]} Nh5 {[%clk 1:19:10]} 12. Bc1
{[%clk 1:26:00]} Nhf6 {[%clk 1:17:49]} 13. cxd5 {[%clk 1:25:10]} cxd5
{[%clk 1:17:57]} 14. Nc6 {[%clk 1:25:36]} Bxc6 {[%clk 1:18:17]} 15. Qxc6
{[%clk 1:26:03]} Rc8 {[%clk 1:18:37]} 16. Qb5 {[%clk 1:25:58]} Ne8
{[%clk 1:18:26]} 17. Qd3 {[%clk 1:22:28]} Nd6 {[%clk 1:12:46]} 18. Nc3
{[%clk 1:22:40]} Nf6 {[%clk 1:08:19]} 19. f3 {[%clk 1:16:35]} Nf5
{[%clk 0:53:39]} 20. e3 {[%clk 1:11:35]} Qc7 {[%clk 0:45:39]} 21. Bd2
{[%clk 1:09:32]} Rfd8 {[%clk 0:42:23]} 22. Be1 {[%clk 1:07:51]} Qc4
{[%clk 0:30:28]} 23. Qxc4 {[%clk 1:00:44]} dxc4 {[%clk 0:30:45]} 24. Bf2
{[%clk 1:00:48]} Nd5 {[%clk 0:15:49]} 25. e4 {[%clk 1:00:36]} Nxc3
{[%clk 0:16:09]} 26. bxc3 {[%clk 1:01:04]} Nd6 {[%clk 0:16:26]} 27. Rdb1
{[%clk 0:59:17]} f5 {[%clk 0:12:56]} 28. exf5 {[%clk 0:52:14]} exf5
{[%clk 0:13:16]} 29. Be3 {[%clk 0:50:41]} Ne8 {[%clk 0:08:52]} 30. a4
{[%clk 0:45:15]} Nc7 {[%clk 0:05:51]} 31. f4 {[%clk 0:41:56]} Nd5
{[%clk 0:05:18]} 32. Bd2 {[%clk 0:42:25]} Rd7 {[%clk 0:01:37]} 33. a5
{[%clk 0:41:13]} Bf6 {[%clk 0:01:52]} 34. axb6 {[%clk 0:28:55]} Nxb6
{[%clk 0:01:39]} 35. Ra5 {[%clk 0:29:07]} g6 {[%clk 0:01:53]} 36. Rba1
{[%clk 0:28:53]} Rcd8 {[%clk 0:01:07]} 37. Kf1 {[%clk 0:28:15]} Nc8
{[%clk 0:01:12]} 38. Bc1 {[%clk 0:26:50]} Be7 {[%clk 0:01:07]} 39. Bf3
{[%clk 0:25:08]} h5 {[%clk 0:00:38]} 40. Be2 {[%clk 0:53:09]} Rc7
{[%clk 0:30:50]} 41. R5a4 {[%clk 0:53:03]} Nd6 {[%clk 0:22:02]} 42. Rxa7
{[%clk 0:51:59]} Rxa7 {[%clk 0:22:14]} 43. Rxa7 {[%clk 0:52:26]} Rb8
{[%clk 0:21:50]} 44. Ba3 {[%clk 0:50:40]} Rb1+ {[%clk 0:21:53]} 45. Kg2
{[%clk 0:51:09]} Ra1 {[%clk 0:21:12]} 46. Bc5 {[%clk 0:47:16]} Rxa7
{[%clk 0:18:27]} 47. Bxa7 {[%clk 0:47:45]} Ne4 {[%clk 0:18:33]} 48. Bxc4+
{[%clk 0:48:08]} Kg7 {[%clk 0:18:44]} 49. d5 {[%clk 0:47:18]} Bf6
{[%clk 0:14:01]} 50. Bd4 {[%clk 0:46:48]} Nxc3 {[%clk 0:13:32]} 51. Bxf6+
{[%clk 0:46:56]} Kxf6 {[%clk 0:13:55]} 52. d6 {[%clk 0:47:06]} Ne4
{[%clk 0:13:06]} 53. d7 {[%clk 0:47:21]} Ke7 {[%clk 0:13:24]} 54. Bf7
{[%clk 0:47:26]} g5 {[%clk 0:13:42]} 55. fxg5 {[%clk 0:46:41]} Nxg5
{[%clk 0:13:56]} 56. Bg6 {[%clk 0:46:09]} Kxd7 {[%clk 0:09:50]} 57. h4
{[%clk 0:43:02]} Ne6 {[%clk 0:10:03]} 58. Bxf5 {[%clk 0:43:30]} Ke7
{[%clk 0:10:16]} 59. Bg6 {[%clk 0:43:25]} Ng7 {[%clk 0:10:37]} 60. Kf3
{[%clk 0:42:27]} Kf6 {[%clk 0:10:05]} 61. Bxh5 {[%clk 0:38:43]} Nxh5
{[%clk 0:10:16]} 62. g4 {[%clk 0:39:08]} Ng7 {[%clk 0:10:34]} 63. Ke4
{[%clk 0:39:33]} Ke6 {[%clk 0:09:57]} 64. Kf4 {[%clk 0:39:43]} Kf6
{[%clk 0:10:01]} 65. g5+ {[%clk 0:39:56]} 1/2-1/2

[Event "MP do 18 lat - chlopcy"]
[Site "Sypniewo"]
[Date "2022.03.21"]
[Round "3.1"]
[White "Ochedzan, Tymon"]
[Black "Czopor, Maciej"]
[Result "0-1"]
[BlackElo "2423"]
[WhiteElo "2308"]
[LiveChessVersion "1.4.8"]

1. e4 {[%clk 1:30:57]} c5 {[%clk 1:30:53]} 2. Nf3 {[%clk 1:31:20]} e6
{[%clk 1:31:18]} 3. d4 {[%clk 1:31:36]} cxd4 {[%clk 1:31:43]} 4. Nxd4
{[%clk 1:31:49]} Nc6 {[%clk 1:32:07]} 5. Nc3 {[%clk 1:31:07]} Qc7
{[%clk 1:32:33]} 6. Be2 {[%clk 1:28:55]} a6 {[%clk 1:32:28]} 7. O-O
{[%clk 1:28:16]} Nf6 {[%clk 1:32:52]} 8. Be3 {[%clk 1:28:01]} Be7
{[%clk 1:33:16]} 9. f4 {[%clk 1:27:04]} d6 {[%clk 1:33:41]} 10. Qe1
{[%clk 1:26:19]} O-O {[%clk 1:34:05]} 11. Qg3 {[%clk 1:24:39]} Nxd4
{[%clk 1:34:13]} 12. Bxd4 {[%clk 1:24:45]} b5 {[%clk 1:34:34]} 13. a3
{[%clk 1:20:43]} Bb7 {[%clk 1:34:59]} 14. Rae1 {[%clk 1:18:43]} Rad8
{[%clk 1:35:13]} 15. Bd3 {[%clk 1:17:07]} e5 {[%clk 1:32:43]} 16. fxe5
{[%clk 1:02:16]} Nh5 {[%clk 1:33:06]} 17. Qh3 {[%clk 0:58:30]} dxe5
{[%clk 1:25:58]} 18. Be3 {[%clk 0:55:51]} g6 {[%clk 1:20:31]} 19. Nd1
{[%clk 0:46:05]} Bc5 {[%clk 1:16:06]} 20. Kh1 {[%clk 0:38:38]} Bxe3
{[%clk 1:13:15]} 21. Nxe3 {[%clk 0:37:46]} Qe7 {[%clk 1:04:48]} 22. Qg4
{[%clk 0:24:40]} Kh8 {[%clk 0:46:01]} 23. Nf5 {[%clk 0:16:37]} Qe6
{[%clk 0:45:02]} 24. Nh6 {[%clk 0:14:17]} Qxg4 {[%clk 0:43:29]} 25. Nxg4
{[%clk 0:14:42]} f6 {[%clk 0:43:45]} 26. g3 {[%clk 0:13:30]} Kg7 {[%clk 0:41:51]}
27. Kg1 {[%clk 0:13:37]} Rd4 {[%clk 0:39:30]} 28. Nf2 {[%clk 0:12:26]} Rfd8
{[%clk 0:35:22]} 29. Rd1 {[%clk 0:11:09]} Kf7 {[%clk 0:33:47]} 30. c3
{[%clk 0:09:00]} R4d6 {[%clk 0:33:55]} 31. Bc2 {[%clk 0:09:15]} Ng7
{[%clk 0:25:57]} 32. Rxd6 {[%clk 0:06:46]} Rxd6 {[%clk 0:26:22]} 33. Rd1
{[%clk 0:07:13]} Ne8 {[%clk 0:25:00]} 34. Rxd6 {[%clk 0:04:10]} Nxd6
{[%clk 0:25:26]} 35. b3 {[%clk 0:04:38]} Ke6 {[%clk 0:16:00]} 36. Kf1
{[%clk 0:04:44]} f5 {[%clk 0:16:07]} 37. exf5+ {[%clk 0:03:56]} gxf5
{[%clk 0:16:23]} 38. Ke2 {[%clk 0:04:16]} h6 {[%clk 0:10:57]} 39. Ke3
{[%clk 0:04:19]} Ne8 {[%clk 0:11:12]} 40. Nd3 {[%clk 0:33:09]} Kd6
{[%clk 0:39:34]} 41. Ne1 {[%clk 0:24:49]} Bc8 {[%clk 0:38:08]} 42. Ng2
{[%clk 0:21:12]} Nf6 {[%clk 0:37:35]} 43. Kd2 {[%clk 0:20:32]} Be6
{[%clk 0:31:19]} 44. Ne3 {[%clk 0:18:39]} f4 {[%clk 0:23:38]} 45. gxf4
{[%clk 0:15:47]} exf4 {[%clk 0:23:58]} 46. Nf5+ {[%clk 0:16:11]} Ke5
{[%clk 0:23:22]} 47. Nd4 {[%clk 0:16:03]} Bd5 {[%clk 0:23:07]} 48. Ke2
{[%clk 0:14:24]} Ng4 {[%clk 0:11:24]} 49. h3 {[%clk 0:13:43]} Ne3
{[%clk 0:11:50]} 50. Bd3 {[%clk 0:13:31]} Bg2 {[%clk 0:10:10]} 51. a4
{[%clk 0:09:38]} bxa4 {[%clk 0:09:51]} 52. bxa4 {[%clk 0:10:03]} Bxh3
{[%clk 0:09:49]} 53. Nc6+ {[%clk 0:09:15]} Kd6 {[%clk 0:09:57]} 54. Be4
{[%clk 0:07:14]} Bg4+ {[%clk 0:06:40]} 55. Ke1 {[%clk 0:07:28]} Nd1
{[%clk 0:04:54]} 56. Kd2 {[%clk 0:06:17]} f3 {[%clk 0:04:27]} 57. Nd4
{[%clk 0:06:26]} f2 {[%clk 0:04:26]} 58. Bg2 {[%clk 0:05:54]} h5 {[%clk 0:03:36]}
59. Ne2 {[%clk 0:05:15]} Bxe2 {[%clk 0:02:17]} 60. Kxe2 {[%clk 0:05:37]} Nxc3+
{[%clk 0:02:40]} 61. Kxf2 {[%clk 0:05:52]} Nxa4 {[%clk 0:03:06]} 62. Bf1
{[%clk 0:02:17]} a5 {[%clk 0:03:31]} 63. Bd3 {[%clk 0:02:40]} Ke5
{[%clk 0:03:04]} 64. Kg3 {[%clk 0:02:59]} Nc5 {[%clk 0:01:51]} 65. Bb5
{[%clk 0:02:58]} Ne6 {[%clk 0:01:19]} 66. Kh4 {[%clk 0:02:46]} Ng7
{[%clk 0:01:46]} 67. Kg5 {[%clk 0:02:24]} Kd4 {[%clk 0:02:12]} 68. Bd7
{[%clk 0:01:30]} Kc3 {[%clk 0:01:55]} 69. Kh6 {[%clk 0:01:25]} Kb4
{[%clk 0:01:54]} 70. Kxg7 {[%clk 0:01:04]} a4 {[%clk 0:02:19]} 71. Kg6
{[%clk 0:01:24]} a3 {[%clk 0:02:36]} 72. Be6 {[%clk 0:01:51]} h4 {[%clk 0:03:02]}
73. Kg5 {[%clk 0:02:14]} h3 {[%clk 0:03:25]} 0-1

[Event "MP do 18 lat - chlopcy"]
[Site "Sypniewo"]
[Date "2022.03.21"]
[Round "3.2"]
[White "Niedbala, Bartlomiej"]
[Black "Poltorak, Sebastian"]
[Result "1/2-1/2"]
[BlackElo "2303"]
[WhiteElo "2385"]
[LiveChessVersion "1.4.8"]

1. e4 {[%clk 1:29:36]} c6 {[%clk 1:30:49]} 2. d4 {[%clk 1:30:00]} d5
{[%clk 1:31:15]} 3. e5 {[%clk 1:30:25]} c5 {[%clk 1:31:40]} 4. dxc5
{[%clk 1:30:43]} e6 {[%clk 1:32:02]} 5. a3 {[%clk 1:31:05]} Bxc5 {[%clk 1:32:19]}
6. Nf3 {[%clk 1:31:23]} Ne7 {[%clk 1:32:00]} 7. Bd3 {[%clk 1:30:19]} Qc7
{[%clk 1:23:40]} 8. O-O {[%clk 1:23:19]} Ng6 {[%clk 1:22:47]} 9. Qe2
{[%clk 1:12:35]} Nc6 {[%clk 1:17:07]} 10. Re1 {[%clk 1:08:22]} Nd4
{[%clk 1:05:16]} 11. Nxd4 {[%clk 1:06:08]} Bxd4 {[%clk 1:05:20]} 12. Bxg6
{[%clk 1:05:48]} fxg6 {[%clk 1:04:24]} 13. c3 {[%clk 1:05:14]} Bb6
{[%clk 1:02:16]} 14. Nd2 {[%clk 1:02:05]} O-O {[%clk 0:54:23]} 15. Nf3
{[%clk 1:01:10]} Bc5 {[%clk 0:52:22]} 16. Be3 {[%clk 0:46:30]} b6
{[%clk 0:52:25]} 17. Bd4 {[%clk 0:35:33]} Bd7 {[%clk 0:52:02]} 18. Qe3
{[%clk 0:32:47]} Ba4 {[%clk 0:42:29]} 19. Rac1 {[%clk 0:32:47]} Rac8
{[%clk 0:42:01]} 20. h3 {[%clk 0:24:23]} Be7 {[%clk 0:36:52]} 21. Ng5
{[%clk 0:18:26]} h6 {[%clk 0:33:33]} 22. Nf3 {[%clk 0:14:28]} g5 {[%clk 0:31:34]}
23. Nh2 {[%clk 0:13:20]} Be8 {[%clk 0:31:34]} 24. Ng4 {[%clk 0:11:03]} Bc5
{[%clk 0:29:12]} 25. Rcd1 {[%clk 0:08:20]} Qf7 {[%clk 0:29:07]} 26. Rd2
{[%clk 0:05:36]} Qe7 {[%clk 0:22:38]} 27. Nh2 {[%clk 0:03:22]} Rf7
{[%clk 0:22:06]} 28. g3 {[%clk 0:02:59]} Qd7 {[%clk 0:20:03]} 29. Qe2
{[%clk 0:03:17]} Qa4 {[%clk 0:19:04]} 30. Qd1 {[%clk 0:03:30]} Qc6
{[%clk 0:16:52]} 31. Qe2 {[%clk 0:03:22]} Rb7 {[%clk 0:13:18]} 32. Qe3
{[%clk 0:03:19]} a5 {[%clk 0:12:37]} 33. Nf1 {[%clk 0:01:49]} 1/2-1/2

[Event "MP do 18 lat - chlopcy"]
[Site "Sypniewo"]
[Date "2022.03.21"]
[Round "3.3"]
[White "Baum, Jonasz"]
[Black "Seemann, Jakub"]
[Result "1-0"]
[BlackElo "2298"]
[WhiteElo "2317"]
[LiveChessVersion "1.4.8"]

1. Nf3 {[%clk 1:30:57]} d5 {[%clk 1:30:36]} 2. g3 {[%clk 1:30:39]} Nf6
{[%clk 1:30:45]} 3. Bg2 {[%clk 1:30:34]} e6 {[%clk 1:31:05]} 4. c4
{[%clk 1:30:31]} d4 {[%clk 1:30:45]} 5. e3 {[%clk 1:30:34]} c5 {[%clk 1:31:07]}
6. d3 {[%clk 1:30:21]} Nc6 {[%clk 1:31:10]} 7. O-O {[%clk 1:30:27]} Be7
{[%clk 1:31:08]} 8. exd4 {[%clk 1:29:12]} cxd4 {[%clk 1:31:30]} 9. Re1
{[%clk 1:29:12]} O-O {[%clk 1:30:46]} 10. Na3 {[%clk 1:27:36]} Re8
{[%clk 1:25:33]} 11. Nc2 {[%clk 1:25:39]} a5 {[%clk 1:22:40]} 12. b3
{[%clk 1:25:09]} Bf8 {[%clk 1:14:50]} 13. Bf4 {[%clk 1:22:19]} Nd7
{[%clk 1:06:52]} 14. Nfxd4 {[%clk 1:00:06]} Nxd4 {[%clk 1:06:43]} 15. Nxd4
{[%clk 1:00:35]} e5 {[%clk 0:25:37]} 16. Nb5 {[%clk 0:59:56]} exf4
{[%clk 0:25:40]} 17. Rxe8 {[%clk 1:00:22]} Qxe8 {[%clk 0:26:06]} 18. Nc7
{[%clk 1:00:49]} Qe5 {[%clk 0:24:46]} 19. Nxa8 {[%clk 1:01:14]} fxg3
{[%clk 0:13:41]} 20. hxg3 {[%clk 1:01:16]} Bc5 {[%clk 0:13:27]} 21. Qe1
{[%clk 0:57:34]} Qxg3 {[%clk 0:13:20]} 22. Qe8+ {[%clk 0:50:16]} Nf8
{[%clk 0:13:46]} 23. Qxc8 {[%clk 0:50:41]} Bxf2+ {[%clk 0:06:56]} 24. Kh1
{[%clk 0:50:43]} 1-0

[Event "MP do 18 lat - chlopcy"]
[Site "Sypniewo"]
[Date "2022.03.21"]
[Round "3.4"]
[White "Kacprzak, Kacper"]
[Black "Suder, Jakub"]
[Result "1/2-1/2"]
[BlackElo "2321"]
[WhiteElo "2248"]
[LiveChessVersion "1.4.8"]

1. e4 {[%clk 1:30:56]} c5 {[%clk 1:30:54]} 2. Nf3 {[%clk 1:31:20]} Nc6
{[%clk 1:31:21]} 3. Nc3 {[%clk 1:31:47]} Nf6 {[%clk 1:30:36]} 4. d4
{[%clk 1:32:10]} cxd4 {[%clk 1:31:01]} 5. Nxd4 {[%clk 1:32:37]} e5
{[%clk 1:31:24]} 6. Ndb5 {[%clk 1:33:00]} d6 {[%clk 1:31:49]} 7. Nd5
{[%clk 1:31:09]} Nxd5 {[%clk 1:32:10]} 8. exd5 {[%clk 1:31:33]} Nb8
{[%clk 1:32:33]} 9. a4 {[%clk 1:24:31]} Be7 {[%clk 1:32:50]} 10. Be2
{[%clk 1:24:53]} O-O {[%clk 1:33:01]} 11. O-O {[%clk 1:25:18]} f5
{[%clk 1:31:39]} 12. f4 {[%clk 1:24:28]} a6 {[%clk 1:28:50]} 13. Na3
{[%clk 1:24:52]} Nd7 {[%clk 1:27:31]} 14. Nc4 {[%clk 1:13:44]} Qc7
{[%clk 1:25:28]} 15. a5 {[%clk 0:54:52]} b5 {[%clk 1:22:44]} 16. axb6
{[%clk 0:53:52]} Nxb6 {[%clk 1:21:35]} 17. Na5 {[%clk 0:53:00]} Bd7
{[%clk 1:09:19]} 18. c4 {[%clk 0:47:46]} Bf6 {[%clk 1:06:02]} 19. b4
{[%clk 0:40:49]} exf4 {[%clk 1:02:22]} 20. Bxf4 {[%clk 0:40:26]} g5
{[%clk 0:59:48]} 21. Bd2 {[%clk 0:38:46]} Rae8 {[%clk 0:53:21]} 22. Bd3
{[%clk 0:35:40]} Bxa1 {[%clk 0:45:50]} 23. Qxa1 {[%clk 0:36:05]} Qd8
{[%clk 0:43:56]} 24. Qd4 {[%clk 0:31:42]} Na4 {[%clk 0:40:09]} 25. c5
{[%clk 0:26:48]} Qc7 {[%clk 0:28:56]} 26. Rc1 {[%clk 0:19:26]} Bb5
{[%clk 0:27:57]} 27. Bxb5 {[%clk 0:13:15]} axb5 {[%clk 0:28:10]} 28. Qd3
{[%clk 0:13:25]} Qg7 {[%clk 0:23:45]} 29. Nc6 {[%clk 0:11:27]} f4
{[%clk 0:20:12]} 30. Nd4 {[%clk 0:09:37]} Nb2 {[%clk 0:19:16]} 31. Qc3
{[%clk 0:09:04]} Na4 {[%clk 0:15:11]} 32. Qd3 {[%clk 0:09:27]} Nb2
{[%clk 0:15:21]} 33. Qc3 {[%clk 0:09:51]} Na4 {[%clk 0:14:39]} 34. Qd3
{[%clk 0:10:13]} Nb2 {[%clk 0:13:14]} 1/2-1/2

[Event "MP do 18 lat - chlopcy"]
[Site "Sypniewo"]
[Date "2022.03.21"]
[Round "3.5"]
[White "Grzesik, Gracjan"]
[Black "Fiedorek, Michal"]
[Result "0-1"]
[BlackElo "2317"]
[WhiteElo "2208"]
[LiveChessVersion "1.4.8"]

1. c4 {[%clk 1:30:57]} e5 {[%clk 1:30:55]} 2. Nc3 {[%clk 1:31:06]} Nc6
{[%clk 1:31:13]} 3. Nf3 {[%clk 1:30:48]} g6 {[%clk 1:26:58]} 4. d4
{[%clk 1:29:57]} exd4 {[%clk 1:25:51]} 5. Nxd4 {[%clk 1:30:14]} Bg7
{[%clk 1:25:30]} 6. Nxc6 {[%clk 1:30:15]} bxc6 {[%clk 1:25:43]} 7. g3
{[%clk 1:30:15]} Ne7 {[%clk 1:17:31]} 8. Bg2 {[%clk 1:30:35]} O-O
{[%clk 1:17:33]} 9. O-O {[%clk 1:30:30]} d6 {[%clk 1:13:14]} 10. Qa4
{[%clk 1:17:13]} Bd7 {[%clk 1:06:48]} 11. Qa5 {[%clk 1:09:59]} Nf5
{[%clk 1:00:28]} 12. e3 {[%clk 0:58:27]} Re8 {[%clk 0:50:38]} 13. b3
{[%clk 0:51:26]} h5 {[%clk 0:29:46]} 14. Bb2 {[%clk 0:46:42]} h4 {[%clk 0:29:06]}
15. Na4 {[%clk 0:34:30]} Bxb2 {[%clk 0:22:16]} 16. Nxb2 {[%clk 0:34:53]} Re5
{[%clk 0:14:07]} 17. Qc3 {[%clk 0:27:58]} a5 {[%clk 0:12:21]} 18. Nd3
{[%clk 0:25:56]} Re8 {[%clk 0:12:27]} 19. Nf4 {[%clk 0:20:35]} Qe7
{[%clk 0:12:10]} 20. Rfd1 {[%clk 0:18:41]} hxg3 {[%clk 0:10:10]} 21. hxg3
{[%clk 0:18:55]} Qe5 {[%clk 0:09:58]} 22. Qxe5 {[%clk 0:17:33]} Rxe5
{[%clk 0:10:21]} 23. e4 {[%clk 0:09:43]} Ng7 {[%clk 0:09:44]} 24. Nd3
{[%clk 0:09:48]} Re7 {[%clk 0:07:20]} 25. c5 {[%clk 0:07:54]} Bg4
{[%clk 0:05:03]} 26. f3 {[%clk 0:04:47]} Be6 {[%clk 0:03:56]} 27. cxd6
{[%clk 0:03:53]} cxd6 {[%clk 0:04:22]} 28. Rac1 {[%clk 0:03:26]} Rc7
{[%clk 0:04:17]} 29. Nb2 {[%clk 0:02:17]} Ne8 {[%clk 0:02:29]} 30. f4
{[%clk 0:01:42]} Kf8 {[%clk 0:01:52]} 31. Bf3 {[%clk 0:01:21]} f6
{[%clk 0:01:13]} 32. g4 {[%clk 0:01:15]} Ke7 {[%clk 0:00:48]} 33. f5
{[%clk 0:01:01]} Bf7 {[%clk 0:00:58]} 34. Kf2 {[%clk 0:00:50]} g5
{[%clk 0:00:39]} 35. Ke3 {[%clk 0:00:42]} Rb8 {[%clk 0:00:36]} 36. Rc3
{[%clk 0:00:40]} Rb4 {[%clk 0:00:44]} 37. Rdc1 {[%clk 0:00:37]} c5
{[%clk 0:00:52]} 38. Be2 {[%clk 0:00:36]} Kf8 {[%clk 0:00:48]} 39. Bc4
{[%clk 0:00:37]} Re7 {[%clk 0:01:03]} 40. Kf3 {[%clk 0:30:35]} Nc7
{[%clk 0:30:41]} 41. a3 {[%clk 0:17:34]} Rb8 {[%clk 0:24:35]} 42. a4
{[%clk 0:09:41]} d5 {[%clk 0:11:06]} 43. exd5 {[%clk 0:08:12]} Nxd5
{[%clk 0:11:31]} 44. Rd3 {[%clk 0:01:13]} Nf4 {[%clk 0:10:58]} 45. Rdc3
{[%clk 0:00:33]} Bxc4 {[%clk 0:03:09]} 46. Nxc4 {[%clk 0:01:00]} Ne2
{[%clk 0:03:27]} 47. Rh1 {[%clk 0:00:33]} Kg7 {[%clk 0:03:21]} 48. Re3
{[%clk 0:00:33]} Nd4+ {[%clk 0:03:25]} 49. Kf2 {[%clk 0:00:37]} Rxe3
{[%clk 0:03:25]} 50. Nxe3 {[%clk 0:00:31]} Rxb3 {[%clk 0:02:49]} 51. Rc1
{[%clk 0:00:40]} Rb2+ {[%clk 0:02:39]} 52. Kf1 {[%clk 0:00:59]} Nb3
{[%clk 0:02:42]} 53. Rd1 {[%clk 0:00:49]} Nd2+ {[%clk 0:02:56]} 54. Ke2
{[%clk 0:00:32]} Nc4+ {[%clk 0:02:14]} 55. Kd3 {[%clk 0:00:35]} Nxe3
{[%clk 0:01:15]} 56. Kxe3 {[%clk 0:01:04]} Rb4 {[%clk 0:01:28]} 57. Rd7+
{[%clk 0:00:40]} Kf8 {[%clk 0:01:49]} 58. Kf3 {[%clk 0:00:35]} Rf4+
{[%clk 0:01:48]} 59. Kg3 {[%clk 0:00:41]} Rxa4 {[%clk 0:01:54]} 60. Rc7
{[%clk 0:00:49]} Rc4 {[%clk 0:01:15]} 61. Kf3 {[%clk 0:00:48]} a4
{[%clk 0:01:27]} 62. Ra7 {[%clk 0:00:44]} Rf4+ {[%clk 0:01:30]} 63. Kg3
{[%clk 0:00:42]} Rb4 {[%clk 0:01:28]} 64. Kf3 {[%clk 0:00:41]} Rf4+
{[%clk 0:01:06]} 65. Kg3 {[%clk 0:01:03]} Rd4 {[%clk 0:01:03]} 66. Kf3
{[%clk 0:00:49]} Ke8 {[%clk 0:01:01]} 67. Ra5 {[%clk 0:00:33]} Rf4+
{[%clk 0:00:55]} 68. Kg3 {[%clk 0:00:53]} Rc4 {[%clk 0:01:11]} 69. Kf3
{[%clk 0:00:33]} Ke7 {[%clk 0:00:49]} 70. Ra7+ {[%clk 0:00:33]} Kd6
{[%clk 0:01:08]} 71. Ra6+ {[%clk 0:00:57]} Kd5 {[%clk 0:01:00]} 72. Rxf6
{[%clk 0:00:59]} Rf4+ {[%clk 0:00:59]} 73. Ke3 {[%clk 0:00:50]} Rxg4
{[%clk 0:00:46]} 74. Ra6 {[%clk 0:00:47]} Rf4 {[%clk 0:00:36]} 75. f6
{[%clk 0:00:48]} Ke5 {[%clk 0:00:46]} 76. f7 {[%clk 0:00:38]} Rxf7
{[%clk 0:01:05]} 77. Rxa4 {[%clk 0:01:02]} Rb7 {[%clk 0:00:40]} 78. Rg4
{[%clk 0:00:55]} Rb3+ {[%clk 0:00:49]} 79. Kd2 {[%clk 0:01:07]} Kf5
{[%clk 0:00:58]} 80. Rc4 {[%clk 0:01:30]} Rb5 {[%clk 0:01:03]} 81. Ke3
{[%clk 0:01:36]} g4 {[%clk 0:00:55]} 82. Rf4+ {[%clk 0:01:31]} Kg5
{[%clk 0:01:15]} 83. Rf8 {[%clk 0:00:44]} Kh4 {[%clk 0:01:07]} 84. Kf2
{[%clk 0:00:53]} Rb2+ {[%clk 0:01:03]} 85. Kg1 {[%clk 0:00:38]} Kh3
{[%clk 0:01:04]} 86. Rf1 {[%clk 0:00:37]} g3 {[%clk 0:00:55]} 87. Rc1
{[%clk 0:00:39]} c4 {[%clk 0:00:55]} 88. Kh1 {[%clk 0:00:33]} c3 {[%clk 0:01:04]}
89. Kg1 {[%clk 0:00:34]} c2 {[%clk 0:01:19]} 90. Kf1 {[%clk 0:00:41]} Rb1
{[%clk 0:01:34]} 0-1